000 00221nam a22000857a 4500
008 170216b xxu||||| |||| 00| 0 eng d
100 _92889
_aWason.V
245 _aDouble Entry BookKeeping XI
260 _aNew Delhi
_bS.Chand
_c2012
999 _c6118
_d6118